[Event "Tourn. n8327"]
[Site "www.chess-mail.com"]
[Date "2015.09.18"]
[Round "1"]
[White "Mitja"]
[Black "Bira47"]
[WhiteElo "1840"]
[BlackElo "2050"]
[Result "1/2-1/2"]
[Round "1"]
1.d4 b6
2.e3 Bc8b7
3.Ng1f3 e6
4.a3 Ng8f6
5.c3 Bf8e7
6.Bf1e2 O-O
7.O-O a6
8.Qd1c2 c5
9.dxc5 Be7xc5
10.Nb1d2 d5
11.Nd2b3 Bc5d6
12.h3 Nb8d7
13.Bc1d2 Ra8c8
14.Nf3g5 h6
15.Ng5f3 Nf6e4
16.Ra1d1 Ne4xd2
17.Rd1xd2 b5
18.Nb3c1 Nd7e5
19.Nf3xe5 Bd6xe5
20.f4 Be5f6
21.Qc2d1 Qd8b6
22.Kh1 Qb6xe3
23.Nc1d3 Qe3b6
24.Be2f3 Rf8e8
25.Nd3f2 e5
26.fxe5 Bf6xe5
27.Bf3xd5 Bb7xd5
28.Rd2xd5 Rc8d8
29.Rd5xd8 Re8xd8
30.Qd1e2 Be5g3
31.Rf1d1 Rd8xd1
32.Nf2xd1 Qb6e6
33.Qe2e3 Qe6xe3
34.Nd1xe3 g6
35.Kg1 f5
36.Kf1 Kf7
37.Ke2 Ke6
38.Kf3 Bg3c7
39.Ne3c2 Ke5
40.Nc2d4 Kd5
41.Ke3 f4
42.Kd3 h5
43.b3 Bc7d6
44.c4 bxc4
45.bxc4 Ke5
46.a4 g5
47.Nd4c6 Kf5
48.Kd4 g4
49.hxg4 hxg4
50.Kd3 f3
51.gxf3 g3
52.Ke2 Kf4
53.Nc6d4 Bd6e5
54.Nd4c2 a5
55.Nc2e1 Be5d4
56.Ne1g2 Kg5
57.Kd3 Bd4e5
58.Ke4 Be5c7
59.f4 Kg4
60.f5 Bc7d6
61.f6 Kh3
62.Ng2e1 Bd6b4
63.Ne1f3 g2
64.f7 Kg3
65.Ke3 Bb4c5
66.Ke4 Kf2
67.Kf4 Bc5d6
68.Ke4 Bd6c5
69.Kf4 Bc5e3
70.Ke4 Be3c5
71.Kf4 Bc5d6
72.Ke4 Bd6f8
73.Kf4 Bf8h6
74.Ke4 Bh6f8
75.Kf4 Bf8d6
76.Ke4 Bd6c5
77.Kf4 Bc5e3
78.Ke4 Be3c5
79.Kf4 Bc5d6
80.Ke4 Bd6f8
81.Kf4 Bf8h6
82.Ke4 Bh6f8
83.Kf4 Bf8e7
84.Ke4 Be7c5
85.Kf4 Bc5d6
86.Ke4 Bd6f8
87.Kf4 Bf8h6
88.Kg4 Bh6g7
89.c5 
1/2-1/2

[Event "Match"]
[Site "www.echecsemail.com"]
[Date "2015.09.18"]
[Round "1"]
[White "Fres"]
[Black "Paco"]
[WhiteElo "1339"]
[BlackElo "1830"]
[Result "0-1"]
[Round "1"]
1.e4 e5
2.Ng1f3 Nb8c6
3.Bf1b5 Ng8f6
4.O-O Nf6xe4
5.Bb5xc6 dxc6
6.Rf1e1 Bc8f5
7.d3 Ne4f6
8.Re1xe5 Bf5e6
 { time }
0-1

[Event "Match"]
[Site "www.echecsemail.com"]
[Date "2015.09.18"]
[Round "1"]
[White "Coraza8091"]
[Black "Pariolinius"]
[WhiteElo "1659"]
[BlackElo "1950"]
[Result "0-1"]
[Round "1"]
1.e4 c5
2.Qd1f3 Nb8c6
3.Bf1c4 e6
4.Ng1h3 Ng8f6
5.c3 Bf8d6
6.g3 b6
7.d4 cxd4
8.Bc1g5 Nc6e5
9.Qf3d1 Ne5xc4
10.Qd1e2 Nc4e5
11.f4 Ne5g4
12.Bg5xf6 Ng4xf6
13.e5 Bd6e7
14.exf6 Be7xf6
15.Qe2e4 Ra8b8
16.cxd4 Bc8b7
17.Qe4e3 Bb7xh1
18.f5 O-O
19.Nb1d2 exf5
20.Kd1 Rf8e8
21.Qe3f2 Rb8c8
22.Qf2g1 Bh1a8
23.b4 Qd8c7
{ resign }
0-1

[Event "Match"]
[Site "www.echecsemail.com"]
[Date "2015.09.18"]
[Round "1"]
[White "Pinehill"]
[Black "Hundegana"]
[WhiteElo "1920"]
[BlackElo "1960"]
[Result "0-1"]
[Round "1"]
1.e4 c5
2.Ng1f3 g6
3.d4 Bf8g7
4.d5 d6
5.Bf1b5 Bc8d7
6.Bb5xd7 Nb8xd7
7.O-O Ng8f6
8.Nb1c3 a6
9.Bc1g5 h6
10.Bg5h4 g5
11.Bh4g3 Nf6h5
12.Qd1e2 Nh5xg3
13.fxg3 O-O
14.Nc3d1 b5
15.c3 Nd7b6
16.Nd1e3 e6
17.Ra1d1 e5
18.Ne3f5 Ra8a7
19.b4 c4
20.Nf5xg7 Kxg7
21.Qe2f2 f6
22.h3 Ra7b7
23.g4 Nb6a4
24.Qf2e3 Qd8b6
25.Qe3xb6 Rb7xb6
26.Rd1c1 Rf8a8
27.h4 a5
28.a3 axb4
29.axb4 Na4b2
30.hxg5 fxg5
31.Nf3e1 Rb6a6
32.Kh2 Ra6a1
33.Ne1d3 Ra1xc1
34.Nd3xc1 Ra8a1
35.Kg1 Nb2a4
36.Nc1e2 Ra1a2
37.Ne2g3 Na4xc3
38.Ng3h5 Kh7
39.Rf1f7 Kg8
40.Rf7g7 Kh8
41.Rg7d7 Nc3xe4
42.Rd7d8 Kh7
43.Rd8b8 c3
44.Rb8b7 Kg8
45.Rb7c7 c2
46.Kh2 Ra2b2
47.Nh5g3 Ne4f6
48.Kh3 Nf6xd5
49.Ng3f5 Nd5xc7
{ resign }
0-1

[Event "Match"]
[Site "www.echecsemail.com"]
[Date "2015.09.18"]
[Round "1"]
[White "Tbsundar"]
[Black "Jhw"]
[WhiteElo "2070"]
[BlackElo "2410"]
[Result "1-0"]
[Round "1"]
1.d4 c5
2.d5 Qd8b6
3.Ng1f3 Ng8f6
4.c4 Nf6e4
5.e3 g6
6.Bf1d3 Qb6b4
7.Nb1d2 Ne4xd2
8.Nf3xd2 d6
9.O-O Bf8g7
10.a3 Qb4b6
11.Ra1b1 Bc8d7
12.f4 h5
13.f5 a5
14.fxg6 f6
15.Bd3e2 e6
16.Be2xh5 exd5
17.cxd5 Bd7b5
18.Rf1xf6 c4
19.Rf6e6 { resign }
1-0

[Event "Match"]
[Site "www.echecsemail.com"]
[Date "2015.09.18"]
[Round "1"]
[White "Jucatorul"]
[Black "Mrmoto"]
[WhiteElo "1499"]
[BlackElo "1580"]
[Result "0-1"]
[Round "1"]
1.d4 Ng8f6
2.c4 e6
3.Nb1c3 Bf8b4
4.Qd1c2 O-O
5.a3 Bb4xc3
6.Qc2xc3 b5
7.cxb5 c6
8.Bc1g5 d5
9.e3 Nf6e4
10.Bg5xd8 Ne4xc3
11.bxc3 Rf8xd8
12.Ng1f3 cxb5
13.Bf1xb5 a6
14.Bb5d3 Nb8c6
15.Kd2 a5
16.Ra1b1 g6
17.Rb1b6 Bc8d7
18.Rh1b1 Kg7
19.Bd3e2 a4
20.Rb6b7 Nc6a5
21.Rb7b4 Na5b3
 { time }
0-1

[Event "Match"]
[Site "www.echecsemail.com"]
[Date "2015.09.18"]
[Round "1"]
[White "Pariolinius"]
[Black "Raulazo"]
[WhiteElo "1990"]
[BlackElo "1980"]
[Result "0-1"]
[Round "1"]
1.e4 e5
2.Bf1c4 Ng8f6
3.d3 g6
4.Ng1f3 Bf8g7
5.Bc1e3 O-O
6.Nb1d2 d5
7.exd5 Rf8e8
8.O-O Nf6xd5
9.Be3c5 Nd5f4
10.Nd2e4 c6
11.Ra1b1 b5
12.Bc4b3 Bc8g4
13.Ne4d6 Re8e6
14.Bb3xe6 Nf4xe6
15.b4 Nb8d7
16.h3 Bg4f5
17.Nd6xf5 gxf5
18.Nf3h4 Qd8xh4
19.Bc5e3 f4
20.Be3d2 Ne6g5
21.Qd1g4 Qh4xg4
22.hxg4 c5
23.a3 Ng5e6
24.c3 c4
25.dxc4 a6
26.c5 Ra8c8
27.Rb1d1 h6
28.Bd2c1 Nd7f6
29.f3 h5
30.gxh5 Nf6xh5
31.Rd1d7 Nh5g3
32.Rf1d1 Ng3e2
33.Kf2 Ne2xc3
34.Rd1d6 Ne6f8
35.c6 Nf8xd7
36.cxd7 Rc8d8
37.Bc1b2 Bg7f8
38.Rd6d3 Nc3a4
39.Bb2xe5 Bf8h6
40.Rd3d6 Bh6g5
41.g3 fxg3
42.Kxg3 Bg5e7
43.Rd6d4 Na4b6
44.Be5c7 Rd8xd7
45.Rd4g4 Kh7
46.Bc7xb6 f5
47.Rg4f4 Be7d6
{ resign }
0-1

[Event "Match"]
[Site "www.echecsemail.com"]
[Date "2015.09.18"]
[Round "1"]
[White "Aggiesam"]
[Black "Acucar1"]
[WhiteElo "1430"]
[BlackElo "1460"]
[Result "1-0"]
[Round "1"]
1.e4 e6
2.Ng1h3 d5
3.Nb1c3 Nb8c6
4.Bf1d3 Bf8c5
5.O-O Ng8f6
6.Qd1f3 Nc6e5
7.Qf3f4 Qd8d6
8.Nc3b5 Qd6e7
9.Qf4xe5 O-O
10.Nb5xc7 Nf6d7
11.Qe5g3 Ra8b8
12.Bd3b5 Nd7b6
13.Nc7xd5 exd5
14.Qg3xb8 a6
15.Qb8g3 axb5
16.d3 d4
17.Bc1h6 Rf8d8
18.Qg3xg7 
1-0

[Event "Match"]
[Site "www.echecsemail.com"]
[Date "2015.09.18"]
[Round "1"]
[White "Pellix84"]
[Black "Jhw"]
[WhiteElo "1960"]
[BlackElo "1779"]
[Result "1-0"]
[Round "1"]
1.d4 d5
2.Ng1f3 g6
3.Bc1g5 h6
4.Bg5h4 g5
5.Bh4g3 Bc8f5
6.Nb1c3 a6
7.e3 Nb8c6
8.Bf1d3 Bf5xd3
9.Qd1xd3 e6
10.a3 f5
11.Nf3e5 Ng8e7
12.h4 g4
13.h5 Rh8g8
14.Nc3e2 Bf8g7
15.Rh1h4 Nc6xe5
16.Bg3xe5 Bg7xe5
17.dxe5 Ne7c6
18.Rh4h2 Nc6xe5
19.Qd3c3 Qd8d6
20.Ne2f4 O-O-O
21.O-O-O c6
22.Rd1d2 g3
23.fxg3 Rg8xg3
24.Rh2h3 Rg3xh3
25.gxh3 Rd8g8
26.Rd2g2 Rg8xg2
27.Nf4xg2 c5
28.Ng2f4 b6
29.Nf4g6 Ne5f7
30.b3 Kd7
31.Qc3f6 Nf7g5
32.Ng6f8 Kc8
33.Qf6xh6 Qd6g3
34.Qh6g7 Kb8
35.h6 Qg3h4
36.h7 Ng5xh7
37.Qg7xh7 Qh4e1
38.Kb2 Qe1xe3
39.Nf8d7 Kc7
40.Nd7xc5 Kd6
41.Nc5xa6 Qe3d4
42.Ka2 Ke5
43.Qh7g7 Ke4
44.Qg7xd4 Kxd4
45.h4 Ke5
46.h5 Kf6
47.h6 Kg6
48.Na6c7 f4
49.Nc7xe6 f3
50.h7 f2
51.h8Q f1Q
52.Qh8g7 { resign }
1-0

[Event "Match"]
[Site "www.echecsemail.com"]
[Date "2015.09.18"]
[Round "1"]
[White "Rindrandria"]
[Black "Ranjachess"]
[WhiteElo "1580"]
[BlackElo "1730"]
[Result "0-1"]
[Round "1"]
1.f3 e5
2.g3 d5
3.d4 exd4
4.Qd1xd4 Nb8c6
5.Qd4a4 Bc8d7
6.Ng1h3 Nc6b4
7.Qa4b3 Bd7f5
8.e4 dxe4
9.Nh3g5 Qd8d7
10.fxe4 Bf5e6
11.Qb3c3 Nb4xa2
12.Qc3e3 Na2b4
13.Nb1a3 O-O-O
14.Bf1e2 Qd7c6
15.Be2b5 Nb4xc2
16.Na3xc2 Qc6xb5
17.Qe3xa7 Bf8c5
18.Ra1a5 Qb5c4
19.Ra5xc5 Qc4a6
20.Rc5a5 Qa6xa7
21.Ra5xa7 Kb8
22.Bc1e3 Be6b3
23.Nc2d4 h6
24.Nd4xb3 hxg5
25.O-O Rd8d3
26.Rf1a1 b6
27.Nb3d4 Rd3d1
28.Kf2 Rd1xa1
29.Nd4c6 Kc8
30.Ra7xa1 Rh8xh2
31.Kf3 Rh2xb2
32.Be3xg5 Rb2b3
33.Kf4 f6
34.Nc6d4 Rb3d3
35.Ra1a8 Kb7
36.Ra8xg8 Rd3xd4
37.Bg5h4 g5
38.Bh4xg5 fxg5
39.Rg8xg5 c5
40.Ke3 Rd4a4
41.e5 c4
42.e6 Kc6
43.Kd4 Kd6
44.Rg5g6 b5
45.Kc3 Ra4a3
46.Kb4 Ra3b3
47.Ka5 c3
48.e7 Kxe7
49.Rg6c6 b4
50.Kb5 Rb3b2
51.Kc4 c2
52.Kd3 b3
53.Kd2 Rb2b1
54.g4 Rb1d1
55.Ke2 c1Q
56.Rc6xc1 Rd1xc1
57.g5 b2
58.g6 b1Q
{ resign }
0-1

[Event "Tourn. n8346"]
[Site "www.chess-mail.com"]
[Date "2015.09.19"]
[Round "1"]
[White "Bojan"]
[Black "Alessiov"]
[WhiteElo "1910"]
[BlackElo "1610"]
[Result "1-0"]
[Round "1"]
1.e4 c5
2.Ng1f3 h6
3.Bf1c4 Ng8f6
4.Nf3e5 e6
5.Qd1f3 Bf8d6
6.Ne5g4 Bd6e7
7.e5 Nf6xg4
8.Qf3xg4 O-O
9.d4 f5
10.Qg4g3 Kh8
11.c3 cxd4
12.cxd4 Qd8c7
13.b3 b5
14.Nb1d2 f4
15.Qg3g4 bxc4
16.Nd2xc4 Be7b4
17.Ke2 f3
18.gxf3 Bc8b7
19.Bc1e3 Bb4c3
20.f4 Bb7a6
21.Kd3 Bc3xa1
22.Rh1xa1 Nb8c6
23.a3 Ra8b8
24.b4 Nc6xb4
25.Ke2 Nb4c2
26.Ra1g1 Qc7xc4
27.Kf3  { time }
1-0

[Event "Tourn. n8286"]
[Site "www.chess-mail.com"]
[Date "2015.09.19"]
[Round "1"]
[White "Julian"]
[Black "Pellix84"]
[WhiteElo "1920"]
[BlackElo "1930"]
[Result "0-1"]
[Round "1"]
1.e4 c5
2.Ng1f3 d6
3.d4 cxd4
4.Nf3xd4 Ng8f6
5.Nb1c3 a6
6.Bf1c4 e6
7.O-O b5
8.Bc4d3 Bc8b7
9.Bc1g5 Bf8e7
10.Qd1e2 Nb8d7
11.f4 h6
12.Bg5h4 O-O
13.e5 dxe5
14.fxe5 Qd8b6
15.Bh4f2 Nf6d5
16.Nc3xd5 Bb7xd5
17.Nd4b3 Qb6c7
18.Bf2g3 Qc7b6
19.Kh1 Ra8c8
20.c3 Nd7c5
21.Nb3xc5 Be7xc5
22.b4 Bc5e7
23.Bg3f2 Qb6c7
24.a4 Qc7xc3
25.axb5 axb5
26.Bd3xb5 Be7xb4
27.Bb5d7 Rc8d8
28.Bd7b5 Qc3h3
29.Bf2d4 Bd5xg2
30.Qe2xg2 Qh3xg2
31.Kxg2 Rd8xd4
32.Ra1b1 Rf8b8
33.Bb5c6 Rd4d2
34.Kf3 Rd2xh2
35.Rf1d1 Rh2c2
36.Rb1xb4 Rc2c3
37.Ke2 Rb8xb4
38.Bc6g2 Rb4b2
39.Kf1 g5
{ resign }
0-1

[Event "Tourn. n8340"]
[Site "www.chess-mail.com"]
[Date "2015.09.19"]
[Round "1"]
[White "Hundegana"]
[Black "Karousek"]
[WhiteElo "1980"]
[BlackElo "2250"]
[Result "0-1"]
[Round "1"]
1.e4 c5
2.c3 d5
3.exd5 Qd8xd5
4.c4 Qd5d6
5.Bf1e2 e5
6.Ng1f3 Nb8c6
7.a3 g6
8.Nb1c3 Bf8g7
9.Nc3e4 Qd6e7
10.d3 b6
11.O-O Ng8h6
12.h3 Nh6f5
13.g4 Nf5d4
14.Nf3xd4 Nc6xd4
15.Bc1e3 O-O
16.Be3xd4 exd4
17.f4 f5
18.Ne4g3 Bc8b7
19.Be2f3 Ra8e8
20.Bf3xb7 Qe7xb7
21.g5 Re8e3
22.Kh2 Rf8e8
23.b4 Qb7c7
24.Ra1a2 Bg7f8
25.b5 Bf8d6
26.Ra2f2 h6
27.gxh6 Qc7h7
28.Rf2g2 Qh7xh6
29.Rf1f3 Bd6xf4
30.Rf3xe3 Re8xe3
31.a4 Qh6h4
32.Qd1g1 Re3xd3
33.Qg1e1 Rd3e3
34.Qe1g1 Kf7
35.Qg1f2 Kf6
36.Rg2g1 Ke5
37.Qf2g2 Qh4xg3
38.Qg2xg3 Re3xg3
39.Rg1xg3 Bf4xg3
40.Kxg3 Ke4
41.Kf2 Kd3
42.Kf3 Kc2
43.Kf4 d3
44.Kg5 d2
45.Kxg6 d1Q
46.Kxf5 Qd1h5
47.Ke6 Kb3
48.Kd6 Kxc4
49.Kc7 Kd5
50.Kb7 Qh5h7
51.Ka6 c4
52.h4 c3
53.h5 c2
54.h6 c1R
55.a5 Rc1c2
56.axb6 Rc2a2
{ resign }
0-1

[Event "Tourn. n8345"]
[Site "www.chess-mail.com"]
[Date "2015.09.19"]
[Round "1"]
[White "Xkafi"]
[Black "Panamski"]
[WhiteElo "2060"]
[BlackElo "2080"]
[Result "1/2-1/2"]
[Round "1"]
1.e4 e6
2.d4 d5
3.e5 c5
4.Ng1f3 cxd4
5.Nf3xd4 Bc8d7
6.a3 Nb8c6
7.f4 Qd8b6
8.Nd4b5 Nc6xe5
9.fxe5 Bd7xb5
10.Qd1f3 Bb5c6
11.Bf1d3 f5
12.Rh1f1 g6
13.g4 O-O-O
14.Nb1d2 Bf8h6
15.b3 Ng8e7
16.gxf5 Ne7xf5
17.Bd3xf5 exf5
18.Rf1f2 Qb6d4
19.Ra1b1 Qd4xe5
20.Rf2e2 Qe5d4
21.c3 Qd4h4
22.Kf1 Rh8e8
23.a4 Re8xe2
24.Qf3xe2 Bh6xd2
25.Bc1xd2 Rd8e8
26.Qe2g2 d4
27.Qg2g3 Qh4e4
28.Rb1e1 Qe4h1
29.Kf2 Re8xe1
30.Bd2xe1 dxc3
31.Be1xc3 Qh1d1
32.Bc3f6 Qd1c2
33.Kf1 Qc2d1
34.Kf2 Qd1d2
35.Kf1 Qd2d1
36.Kf2 Qd1c2
37.Kg1 Qc2d1
38.Kf2 Qd1c2
{ draw }
1/2-1/2

[Event "Tourn. n8367"]
[Site "www.chess-mail.com"]
[Date "2015.09.19"]
[Round "1"]
[White "Culiflori"]
[Black "Chiccogianca"]
[WhiteElo "1960"]
[BlackElo "2080"]
[Result "0-1"]
[Round "1"]
1.e4 b6
2.d4 Bc8b7
3.Nb1c3 g6
4.Ng1f3 Bf8g7
5.Bf1e2 e6
6.O-O d6
7.Bc1g5 Ng8e7
8.Rf1e1 Nb8d7
9.Be2b5 O-O
10.e5 Bb7xf3
11.Qd1xf3 d5
12.h3 h6
13.Bg5xe7 Qd8xe7
14.Bb5c6 Ra8c8
15.a3 a6
16.Bc6b7 Rc8b8
17.Bb7xa6 c5
18.Nc3b5 cxd4
19.Nb5xd4 Nd7c5
20.Nd4c6 Qe7c7
21.Nc6xb8 Rf8xb8
22.Ba6d3 Nc5xd3
23.Qf3xd3 b5
24.f4 Bg7f8
25.a4 bxa4
26.Re1b1 Rb8b4
27.Ra1a3 Rb4xf4
28.Qd3e3 Rf4e4
29.Qe3d3 Bf8xa3
30.Qd3xa3 Qc7xc2
{ resign }
0-1

[Event "Tourn. n8328"]
[Site "www.chess-mail.com"]
[Date "2015.09.19"]
[Round "1"]
[White "Gatrooper"]
[Black "Alessiov"]
[WhiteElo "1470"]
[BlackElo "1610"]
[Result "1-0"]
[Round "1"]
1.e4 c6
2.d4 g6
3.e5 Bf8g7
4.Bf1c4 d5
5.Bc4d3 f6
6.exf6 Ng8xf6
7.h3 O-O
8.Bc1g5 c5
9.Bg5xf6 Qd8a5
10.Nb1c3 exf6
11.Ng1f3 Rf8e8
12.Bd3e2 Nb8c6
13.dxc5 Bc8e6
14.O-O Qa5xc5
15.Be2b5 f5
16.Bb5xc6 bxc6
17.Nc3a4 Qc5b5
18.Na4c3 Qb5xb2
19.Nc3e2 Qb2xa1
20.Qd1xa1 Bg7xa1
21.Rf1xa1 c5
22.Nf3e5 Be6f7
23.Ra1e1 Re8xe5
24.a4 Kg7
25.Kf1 Ra8e8
26.g3 c4
27.Ne2d4 Re5xe1
28.Kg2 Re8e4
29.Nd4f3 Re1c1
30.Nf3g5 Re4e2
31.Ng5f3 d4
32.Nf3xd4  { time }
1-0

[Event "Tourn. n8399"]
[Site "www.chess-mail.com"]
[Date "2015.09.19"]
[Round "1"]
[White "Culiflori"]
[Black "Bojan"]
[WhiteElo "2050"]
[BlackElo "1950"]
[Result "1-0"]
[Round "1"]
1.e4 e5
2.Ng1f3 Nb8c6
3.Bf1c4 h6
4.d4 exd4
5.Nf3xd4 Nc6e5
6.Bc4b3 Ng8f6
7.Nb1c3 b6
8.O-O Bc8b7
9.Rf1e1 Bf8d6
10.Nd4f5 Bd6c5
11.Nf5xg7 Kf8
12.Ng7f5 Ne5g4
13.Nf5e3 Ng4e5
14.Ne3d5 d6
15.Bc1e3 c6
16.Be3xc5 bxc5
17.Nd5xf6 Qd8xf6
18.Qd1d2 Ke7
19.f4 Ne5d7
20.e5 dxe5
21.fxe5 Qf6g5
22.Qd2f2 f5
23.e6 Nd7f6
24.Qf2xc5 Kd8
25.Ra1d1 Kc7
26.Nc3d5 Nf6xd5
27.Rd1xd5 Ra8d8
28.Rd5xf5 Qg5d2
29.Re1f1 Rd8e8
30.Qc5xa7 Rh8g8
31.Rf5f7 Kd8
32.Qa7b8 { resign }
1-0

[Event "Tourn. n8341"]
[Site "www.chess-mail.com"]
[Date "2015.09.19"]
[Round "1"]
[White "Alessiov"]
[Black "Iko"]
[WhiteElo "1610"]
[BlackElo "1580"]
[Result "0-1"]
[Round "1"]
1.Ng1f3 d5
2.g3 Nb8c6
3.Bf1g2 Bc8g4
4.O-O Bg4xf3
5.Bg2xf3 e5
6.Nb1c3 e4
7.Bf3g2 Ng8f6
8.d3 Bf8c5
9.dxe4 d4
10.Nc3d5 Nf6g4
11.Bc1f4 g5
12.Bf4xc7 Qd8d7
13.Bg2h3 f5
14.Bh3xg4 Ra8c8
15.Nd5f6 Ke7
16.Nf6xd7 Kxd7
17.Bc7e5 Nc6xe5
18.Bg4xf5 Kc7
19.Bf5xc8 Rh8xc8
 { time }
0-1

[Event "Tourn. n8341"]
[Site "www.chess-mail.com"]
[Date "2015.09.19"]
[Round "1"]
[White "Hansen"]
[Black "Alessiov"]
[WhiteElo "1510"]
[BlackElo "1610"]
[Result "1-0"]
[Round "1"]
1.Ng1f3 b6
2.Nb1c3 e6
3.Nf3e5 Ng8f6
4.e3 a6
5.a3 d6
6.Ne5c4 Bf8e7
7.g3 Bc8b7
8.f3 c5
9.a4 Nb8c6
10.f4 Nc6d4
11.Rh1g1 Nd4f3
12.Kf2 Nf6g4
13.Ke2 Nf3xg1
14.Ke1 Bb7f3
15.Bf1e2 Ng1xe2
16.Nc3xe2 h5
17.c3 h4
18.d4 b5
19.axb5 axb5
20.Nc4d2 Ng4xe3
21.Qd1b3 Bf3c6
22.c4 Ra8xa1
23.cxb5 hxg3
24.Ne2xg3 Rh8xh2
25.Qb3xe3  { time }
1-0

[Event "Tourn. n8341"]
[Site "www.chess-mail.com"]
[Date "2015.09.19"]
[Round "1"]
[White "Alessiov"]
[Black "Gatrooper"]
[WhiteElo "1610"]
[BlackElo "1480"]
[Result "0-1"]
[Round "1"]
1.d4 d5
2.Ng1f3 Nb8c6
3.g3 h6
4.Bf1g2 a6
5.O-O Ng8f6
6.c3 e6
7.Nb1d2 Bf8e7
8.Rf1e1 Nf6e4
9.Nd2xe4 dxe4
10.Nf3e5 Nc6xe5
11.dxe5 O-O
12.Bg2xe4 Qd8e8
13.Be4b1 b6
14.Qd1d3 g6
15.Bc1xh6 Bc8b7
16.Bh6xf8 Be7xf8
17.Qd3c4 Bf8c5
18.Qc4f4 Qe8c6
19.Qf4f3 Qc6xf3
20.exf3 Bb7xf3
21.Bb1e4 Bf3xe4
22.Re1xe4 Ra8d8
23.Kf1 f5
24.Re4e1 Rd8d2
25.Re1e2 Rd2xe2
26.Kxe2 Bc5e7
 { time }
0-1

[Event "Tourn. n8359"]
[Site "www.chess-mail.com"]
[Date "2015.09.19"]
[Round "1"]
[White "Jhw"]
[Black "Nimzo"]
[WhiteElo "2390"]
[BlackElo "2790"]
[Result "0-1"]
[Round "1"]
1.c4 e5
2.Ng1f3 Nb8c6
3.Nb1c3 Ng8f6
4.d4 exd4
5.Nf3xd4 Bf8b4
6.Nd4xc6 bxc6
7.Qd1d4 O-O
8.Bc1g5 c5
9.Qd4f4 Bb4xc3
10.bxc3 Ra8b8
11.e4 Rb8b6
12.Bf1e2 h6
13.Bg5h4 g5
14.Bh4xg5 hxg5
15.Qf4xg5 Kh8
16.Qg5xc5 Rf8g8
17.O-O Nf6xe4
18.Qc5d4 Qd8f6
19.Qd4xe4 Bc8b7
20.Qe4e3 Rg8xg2
21.Kh1 Rg2xf2
22.Kg1 Rf2g2
23.Kh1 Rg2xe2
{ resign }
0-1

[Event "Tourn. n8330"]
[Site "www.chess-mail.com"]
[Date "2015.09.19"]
[Round "1"]
[White "Wwgia"]
[Black "Luban"]
[WhiteElo "2150"]
[BlackElo "2090"]
[Result "0-1"]
[Round "1"]
1.d4 d5
2.c4 e6
3.Nb1c3 Ng8f6
4.Ng1f3 h6
5.cxd5 exd5
6.Qd1c2 Bf8e7
7.Bc1f4 c6
8.e3 O-O
9.Bf1d3 b6
10.h3 Bc8b7
11.g4 Nb8d7
12.O-O-O a6
13.h4 c5
14.g5 Nf6h5
15.gxh6 Nh5xf4
16.Bd3h7 Kh8
17.hxg7 Kxg7
18.exf4 Nd7f6
19.Bh7f5 Rf8h8
20.Nf3e5 cxd4
21.Rd1xd4 Be7c5
22.Rd4d3 d4
23.Rh1g1 Kf8
24.Qc2b3 Qd8c7
25.Nc3e2 Rh8xh4
26.Bf5d7 Bb7d5
27.Qb3c2 Nf6xd7
{ resign }
0-1

[Event "Tourn. n8365"]
[Site "www.chess-mail.com"]
[Date "2015.09.19"]
[Round "1"]
[White "Francesco"]
[Black "Bojan"]
[WhiteElo "2000"]
[BlackElo "1950"]
[Result "1-0"]
[Round "1"]
1.e4 g6
2.d4 d5
3.exd5 Bf8g7
4.Ng1f3 Qd8xd5
5.c4 Qd5d8
6.h3 Bc8f5
7.Bc1g5 c6
8.Bf1d3 Qd8d7
9.O-O h6
10.Bg5h4 Ng8f6
11.Rf1e1 Bf5xd3
12.Qd1xd3 e6
13.Nb1c3 Nf6h5
14.Nf3e5 Qd7c7
15.Ne5xg6 Rh8g8
16.Ng6e5 f5
17.Ne5g6 Kf7
18.Ng6e5 Bg7xe5
19.Re1xe5 Nh5f4
20.Qd3f3 Nf4xg2
21.Bh4g3 Ng2h4
22.Qf3h5 Rg8g6
23.Re5xf5 Nh4xf5
24.Kh1 Nf5xg3
25.fxg3 Qc7xg3
26.Ra1f1 Ke7
27.Qh5c5 Kd8
28.Rf1f8 Kc7
29.Nc3b5 Kd7
30.Rf8f7 { resign }
1-0

[Event "Tourn. n8388"]
[Site "www.chess-mail.com"]
[Date "2015.09.19"]
[Round "1"]
[White "Eusegon"]
[Black "Xkafi"]
[WhiteElo "2110"]
[BlackElo "2010"]
[Result "1-0"]
[Round "1"]
1.e4 e5
2.Ng1f3 Qd8f6
3.Bf1c4 Bf8c5
4.d3 h6
5.Nb1c3 c6
6.O-O d6
7.Bc1e3 Bc5b4
8.Nc3e2 Qf6g6
9.c3 Bb4a5
10.Ne2g3 Ng8f6
11.Nf3h4 Qg6h7
12.Nh4f5 Ba5c7
13.f4 g6
14.fxe5 dxe5
15.Nf5xh6 Bc8e6
16.Bc4xe6 fxe6
17.Rf1xf6 Nb8d7
18.Rf6xe6 Kd8
19.Qd1g4 Nd7f8
20.Be3g5 { resign }
1-0

[Event "Tourn. n8337"]
[Site "www.chess-mail.com"]
[Date "2015.09.19"]
[Round "1"]
[White "Jhw"]
[Black "Alessiov"]
[WhiteElo "2039"]
[BlackElo "1610"]
[Result "1-0"]
[Round "1"]
1.f4 Ng8f6
2.Ng1f3 c5
3.d4 e6
4.c3 b6
5.e3 Bc8b7
6.dxc5 bxc5
7.Bf1b5 a6
8.Bb5a4 Qd8c7
9.Nb1d2 Bf8e7
10.Qd1e2 O-O
11.O-O Nb8c6
12.g3 d5
13.a3 c4
14.b3 cxb3
15.Nd2xb3 a5
16.Bc1b2  { time }
1-0

[Event "Tourn. n8320"]
[Site "www.chess-mail.com"]
[Date "2015.09.19"]
[Round "1"]
[White "Tartan"]
[Black "Yangqi"]
[WhiteElo "2460"]
[BlackElo "2350"]
[Result "0-1"]
[Round "1"]
1.d4 f5
2.g3 g6
3.Bf1g2 Bf8g7
4.Ng1f3 Ng8f6
5.b3 O-O
6.Bc1b2 d6
7.O-O a5
8.Nb1d2 Nb8c6
9.a3 Qd8e8
10.Rf1e1 Nf6e4
11.c4 e6
12.Qd1c2 d5
13.Ra1d1 b6
14.e3 Bc8b7
15.h4 h6
16.Rd1c1 Qe8e7
17.Re1d1 g5
18.hxg5 hxg5
19.Nf3e1 Ra8d8
20.Ne1d3 Rf8f7
21.Nd2f3 Bg7f6
22.cxd5 exd5
23.Nd3e5 Nc6xe5
24.Nf3xe5 Bf6xe5
25.dxe5 Rd8e8
26.Qc2d3 Rf7h7
27.Qd3e2 Qe7e6
{ resign }
0-1

[Event "Tourn. n8346"]
[Site "www.chess-mail.com"]
[Date "2015.09.19"]
[Round "1"]
[White "Alessiov"]
[Black "Ruko"]
[WhiteElo "1610"]
[BlackElo "1880"]
[Result "0-1"]
[Round "1"]
1.e4 e5
2.Ng1f3 Nb8c6
3.Bf1b5 a6
4.Bb5xc6 dxc6
5.d3 f6
6.O-O Bf8c5
7.Qd1e2 Ng8e7
8.Bc1e3 Bc5xe3
9.Qe2xe3 O-O
10.d4 exd4
11.Nf3xd4 Ne7g6
12.Nb1c3 Rf8e8
13.b3 Qd8e7
14.Ra1d1 Bc8g4
15.f3 Bg4e6
16.Nc3a4 Be6f7
17.Qe3c3 Ra8d8
18.Na4c5 Rd8b8
19.Nd4f5 Qe7e5
20.Qc3xe5 Ng6xe5
21.f4 Ne5g6
22.Rd1d7 Bf7e6
23.Nc5xe6 Re8xe6
24.Rd7xg7 Kh8
25.Rg7xc7 Re6xe4
 { time }
0-1

[Event "Match"]
[Site "www.echecsemail.com"]
[Date "2015.09.19"]
[Round "1"]
[White "Pinehill"]
[Black "Alessiov"]
[WhiteElo "1980"]
[BlackElo "1890"]
[Result "1-0"]
[Round "1"]
1.e4 c5
2.Ng1f3 h6
3.c3 e6
4.d4 d5
5.Bf1b5 Bc8d7
6.Bb5xd7 Nb8xd7
7.exd5 exd5
8.O-O Bf8d6
9.Rf1e1  { time }
1-0

[Event "Match"]
[Site "www.echecsemail.com"]
[Date "2015.09.19"]
[Round "1"]
[White "Dspillman"]
[Black "Daquata"]
[WhiteElo "1630"]
[BlackElo "1660"]
[Result "0-1"]
[Round "1"]
1.e4 e5
2.Nb1c3 Ng8f6
3.b3 Bf8b4
4.Bc1b2 Nb8c6
5.a3 Bb4xc3
6.Bb2xc3 Nf6xe4
7.Qd1f3 d5
8.Ng1h3 Bc8xh3
9.gxh3 Ne4xc3
10.Qf3xc3 O-O
11.Bf1b5 Qd8d6
12.Rh1g1 d4
13.Qc3f3 e4
14.Qf3g4 g6
15.O-O-O Qd6xa3
16.Kb1 Nc6b4
17.d3 Qa3a2
{ resign }
0-1

[Event "Match"]
[Site "www.echecsemail.com"]
[Date "2015.09.19"]
[Round "1"]
[White "Alessiov"]
[Black "Carazo"]
[WhiteElo "1610"]
[BlackElo "1860"]
[Result "0-1"]
[Round "1"]
1.e4 e5
2.Ng1f3 Nb8c6
3.Bf1c4 h6
4.d3 Ng8f6
5.O-O d5
6.exd5 Nc6d4
7.Nf3xd4 exd4
8.Rf1e1 Bf8e7
9.Qd1e2 Bc8g4
10.f3 Bg4h5
11.Bc1f4 Nf6g8
12.Nb1a3 Qd8d7
13.Na3b5 Kf8
14.Nb5xc7 Ra8c8
15.d6 Be7f6
16.Bc4b5 Qd7d8
 { time }
0-1

[Event "Match"]
[Site "www.echecsemail.com"]
[Date "2015.09.19"]
[Round "1"]
[White "Vinvangogh"]
[Black "Ruko"]
[WhiteElo "1480"]
[BlackElo "1940"]
[Result "0-1"]
[Round "1"]
1.Nb1c3 e5
2.e4 Ng8f6
3.Bf1c4 Nb8c6
4.Ng1h3 Bf8e7
5.Qd1f3 Nc6d4
6.Qf3d3 d6
7.O-O Bc8xh3
8.Qd3xh3 Nd4xc2
9.Ra1b1 O-O
10.d4 Nc2xd4
11.f4 a6
12.Nc3d5 Nf6xe4
13.Qh3g4 Ne4f6
14.Nd5xf6 Be7xf6
15.fxe5 dxe5
16.Bc1h6 Kh8
17.Rf1f2 gxh6
18.Rb1f1 Bf6g7
19.Rf2xf7 Rf8g8
20.Bc4d3 Qd8g5
21.Qg4d7 Qg5e3
22.Rf1f2 Qe3xd3
23.g4 Qd3d1
24.Kg2 Ra8d8
25.Qd7e7 Qd1xg4
26.Kf1 Qg4d1
27.Kg2 Bg7f6
28.Kh3 Bf6xe7
29.Rf7xe7 Qd1d3
30.Kh4 Qd3e4
31.Kh3 Qe4g4
{ resign }
0-1

[Event "Match"]
[Site "www.echecsemail.com"]
[Date "2015.09.19"]
[Round "1"]
[White "Alessiov"]
[Black "Drdoom"]
[WhiteElo "1610"]
[BlackElo "1760"]
[Result "0-1"]
[Round "1"]
1.d4 g6
2.e4 Bf8g7
3.Ng1f3 d5
4.Nb1c3 e6
5.Bc1f4 Ng8f6
6.exd5 exd5
7.Bf1d3 O-O
8.O-O c6
9.h3 b5
10.Qd1d2 a6
11.Rf1e1 Bc8e6
12.a4 b4
13.Nc3e2 a5
14.Ne2g3 Qd8c8
15.Nf3g5 Rf8e8
16.Ng5xe6 Re8xe6
17.Re1xe6 Qc8xe6
18.c3 Nb8d7
19.cxb4 Nf6e4
20.Ng3xe4 dxe4
21.Ra1e1 Bg7xd4
 { time }
0-1

[Event "Match"]
[Site "www.echecsemail.com"]
[Date "2015.09.19"]
[Round "1"]
[White "Dimos40"]
[Black "Carazo"]
[WhiteElo "1499"]
[BlackElo "1830"]
[Result "1-0"]
[Round "1"]
1.e4 e5
2.Ng1f3 Nb8c6
3.d4 exd4
4.Nf3xd4 Ng8f6
5.Nd4xc6 bxc6
6.Qd1d4 c5
7.Qd4a4 c6
8.Bf1d3 a5
9.Bc1d2 Bf8e7
10.O-O O-O
11.e5 Nf6d5
12.Nb1a3 Nd5b6
13.Qa4e4 g6
14.Na3c4 Nb6d5
15.a3 d6
16.exd6 Be7xd6
17.Nc4xd6 Qd8xd6
18.Bd2h6 Bc8f5
19.Bh6xf8 Ra8xf8
20.Qe4f3 Nd5f6
21.Bd3xf5 gxf5
22.Qf3xf5 Nf6e8
23.Ra1d1 Qd6b8
24.Rd1d3 Ne8g7
25.Qf5f6 Qb8e8
26.Rd3g3 { resign }
1-0